Statistics for One Piece Character Quiz (Anime)

Click here to take the quiz!

General Stats

  • This quiz has been taken 3,778 times
  • The average score is 14 of 15

Answer Stats

HintAnswer% Correct
Main CharacterMonkey D. Luffy
100%
NavigatorNami
99%
SwordsmanRoronoa Zoro
99%
CookSanji
98%
DoctorTony Tony Chopper
97%
ArchaeologistNico Robin
96%
MusicianBrook
95%
Fire FistPortgas D. Ace
95%
Red HairedShanks
94%
SniperUsopp
94%
ShipwrightFranky
93%
GrandfatherMonkey D. Garp
89%
FlamingoDonquixote Doflamingo
82%
Pirate EmpressBoa Hancock
80%
Heart Pirates CaptainTrafalgar D. Water Law
80%

Score Distribution

Percentile by Number Answered

Percent of People with Each Score

Your Score History

You have not taken this quiz